00553nam a22001697a 450000500170000001000150001702000260003203500140005803700130007208200100008510000190009524501140011426000420022827000410027030000220031150000500033320170721143012.0 aENG-119279 a9788180642258c400.00 aEN-102811 bDBAD/PUB a555.4 a Sarkar,Sujaya aThe making of geology in India :cby Sujaya Sarkarba historical study in science and colonialism 1767-1856 / bProgressive PublishersaKolkatac2016 a37A,College Street bKolkatae700073 a400p. c22cm (Hb) aIncludes bibliographical references and index